000 00678nam a2200241Ia 4500
003 OSt
005 20221007095152.0
006 a|||||r|||| 00| 0
007 ta
008 221006b |||||||| |||| 00| 0 eng d
024 _a989
037 _cTextual
040 _aLCO
_cLCO
_beng
041 _2eng
_aeng
082 _aY11:45, P0
100 _aAdenwalla Maharush Au.
_9700881
245 0 _aChild Sexual Abuse and the Law
260 _aMumbai
_bIndia Centre For Human Rightws And Law India
_c2000
300 _a251
650 _aChild Sexual Abuse and the Law
_9700882
942 _hY11:45, P0
_cTEXL
999 _c1170552
_d1170552